000 00323nam a22001217a 4500
040 _cNUST
082 _a297,AHM
100 _aAhmed, Ishtiaq
_989835
245 _aSamood ki Tabahi /پمود کی تباھی (Urdu) /
_cIshtiaq Ahmed
260 _aLahore
_bDar-us-Salam
_c2005
300 _a24 p.;
942 _2ddc
_cBK
_k297,AHM
999 _c593313
_d593313